Statistics for Best WRs to never lead the league in receiving touchdowns

Click here to take the quiz!

General Stats

  • This quiz has been taken 14 times
  • The average score is 11 of 20

Answer Stats

TeamsWR% Correct
DALMichael Irvin
93%
PITHines Ward
86%
IND/NEPReggie Wayne
86%
HOU/IND/TENAndre Johnson
79%
CIN/NEP/MIAChad Johnson
79%
ATL/TENJulio Jones
79%
OAK/TBBTim Brown
79%
NYG/KANAmani Toomer
71%
HOU/SEASteve Largent
71%
DENRod Smith
64%
LAR/SFFIsaac Bruce
57%
BUF/DEN/WASAndre Reed
50%
WAS/NYJ/PHIArt Monk
50%
DET/NYGHerman Moore
50%
OAKFred Biletnikoff
36%
GBP/LAR/BUF/LAR/PHIJames Lofton
29%
NYGFrank Gifford
21%
PHI/NYJ/DALHarold Carmichael
14%
DAL/PHI/JAXJohn Stallworth
14%
HOU/CIN/SDCCharlie Joiner
7%

Score Distribution

Percentile by Number Answered

Percent of People with Each Score

Your Score History

You have not taken this quiz